01467cam a2200337 a 4500001000700000003000500007005001700012008004100029010001700070020001500087025002500102037006000127040001800187041001300205042001000218043001200228050002200240082002200262100006800284240002600352245027400378260005200652300002600704500006700730504005100797600008200848650003100930651005500961700006801016700004501084193747Nust20170405145835.0980820r19981900ii b 001 0 eng  a 98906406  a8120613384 aI-E-98-906406; 55-06 bLibrary of Congress -- New Delhi Field OfficecRs695.00 aDLCcDLCdDLC1 aenghlat alcode aa------00aDS6b.R78413 199800a915.04/2221bRUY1 aRuysbroeck, Willem van,dapproximately 1210-approximately 1270.10aItinerarium.lEnglish14aThe journey of William of Rubruck to the eastern parts of the world, 1253-55 :bas narrated by himself with two accounts of the earlier journey of John of Pian de Carpine /ctranslated from the Latin and edited with an introduction notice by William Woodville Rockhill. aNew Delhi :bAsian Educational Services,c1998. alvi, 304 p. ;c22 cm. aReprint. Originally published: London : Hakluyt Society, 1900. aIncludes bibliographical references and index.10aRuysbroeck, Willem van,dapproximately 1210-approximately 1270xTravelzAsia. 0aMongolsxHistoryyTo 1500. 0aAsiaxDescription and travelvEarly works to 1800.0 aGiovanni,cda Pian del Carpine, Archbishop of Antivari,d-1252.1 aRockhill, William Woodville,d1854-1914.